Statistics for Abandoned NASCAR tracks

Click here to take the quiz!

General Stats

  • This quiz has been taken 5 times
  • The average score is 4 of 15

Answer Stats

HintAnswer% Correct
North CarolinaRockingham Speedway
100%
TexasTexas World Speedway
100%
PennsylvaniaNazareth Speedway
50%
CaliforniaRiverside International Raceway
50%
ChicagoChicago Motor Speedway
25%
KentuckyLouisville Motor Speedway
25%
GeorgiaMiddle Georgia Raceway
25%
South CarolinaColumbia Speedway
0%
New JerseyFlemington Speedway
0%
MIssouriI-70 Speedway
0%
MississippiJackson International Speedway
0%
North CarolinaOcconeechee Speedway
0%
CaliforniaOntario Motor Speedway
0%
South CarolinaPiedmont Interstate Fairgrounds
0%
New JerseyTrenton Speedway
0%

Score Distribution

Percentile by Number Answered

Percent of People with Each Score

Your Score History

You have not taken this quiz